<?xml version="1.0" encoding="UTF-8"?>
<record
    xmlns:xsi="http://www.w3.org/2001/XMLSchema-instance"
    xsi:schemaLocation="http://www.loc.gov/MARC21/slim http://www.loc.gov/standards/marcxml/schema/MARC21slim.xsd"
    xmlns="http://www.loc.gov/MARC21/slim">

  <leader>03567nam a2200253   4500</leader>
  <controlfield tag="003">DO-SdUA</controlfield>
  <controlfield tag="005">20250325144333.0</controlfield>
  <controlfield tag="008">      s2020    dr a|| |||| 0 |a||0|spa d</controlfield>
  <datafield tag="040" ind1=" " ind2=" ">
    <subfield code="a">DO-SdUA</subfield>
    <subfield code="b">spa</subfield>
    <subfield code="c">DO-SdUA</subfield>
  </datafield>
  <datafield tag="041" ind1="0" ind2=" ">
    <subfield code="a">spa</subfield>
  </datafield>
  <datafield tag="092" ind1=" " ind2=" ">
    <subfield code="a">MA-EFD 0013 FCE 2020</subfield>
  </datafield>
  <datafield tag="100" ind1="1" ind2=" ">
    <subfield code="a">Arias S&#xE1;nchez, Danni Daniel</subfield>
  </datafield>
  <datafield tag="245" ind1="1" ind2="0">
    <subfield code="a">Habilidades motrices b&#xE1;sicas de proyecci&#xF3;n y recepci&#xF3;n en los estudiantes de 5to grado del segundo ciclo de primaria de la Escuela Genaro P&#xE9;rez del Distrito Escolar 08-03, Santiago /</subfield>
    <subfield code="c">Danni Daniel Arias S&#xE1;nchez.</subfield>
  </datafield>
  <datafield tag="260" ind1=" " ind2=" ">
    <subfield code="a">Santiago :</subfield>
    <subfield code="b">UASD,</subfield>
    <subfield code="c">2020.</subfield>
  </datafield>
  <datafield tag="300" ind1=" " ind2=" ">
    <subfield code="a">66 h. :</subfield>
    <subfield code="b">il.</subfield>
  </datafield>
  <datafield tag="502" ind1=" " ind2=" ">
    <subfield code="a">Tesis y trabajo de grado (Maestr&#xED;a en Educaci&#xF3;n F&#xED;sica y el Deporte)--Universidad Aut&#xF3;noma de Santo Domingo, Santiago, 2020.</subfield>
  </datafield>
  <datafield tag="504" ind1=" " ind2=" ">
    <subfield code="a">Incluye referencias bibliogr&#xE1;ficas y anexos.</subfield>
  </datafield>
  <datafield tag="520" ind1="3" ind2=" ">
    <subfield code="a">El objetivo general de esta investigaci&#xF3;n fue determinar el nivel de dominio de las habilidades motrices b&#xE1;sicas de proyecci&#xF3;n y recepci&#xF3;n en los alumnos de 5&#xBA; grado de la Escuela Genaro P&#xE9;rez del Distrito Educativo 08-03 de Santiago, Rep&#xFA;blica Dominicana. Esta investigaci&#xF3;n tiene un enfoque mixto. La poblaci&#xF3;n de esta investigaci&#xF3;n estuvo representada por 33 estudiantes de 5to grado del centro educativo en cuesti&#xF3;n, de donde se seleccion&#xF3; como muestra el 100% de la poblaci&#xF3;n . Se utilizaron las t&#xE9;cnicas de la observaci&#xF3;n y la entrevista, y como instrumento se utiliz&#xF3; el cuestionario. Se concluye que los estudiantes de 5&#xBA; grado de la Escuela Genero P&#xE9;rez poseen un muy bajo nivel de desarrollo de sus habilidades f&#xED;sicas de proyecci&#xF3;n y recepci&#xF3;n tanto en el &#xE1;mbito f&#xED;sico, como tambi&#xE9;n en el &#xE1;mbito te&#xF3;rico. Las actividades de proyecci&#xF3;n y recepci&#xF3;n realizadas fomentaron la colaboraci&#xF3;n y apoyo un&#xE1;nime de los estudiantes a la hora de completar lo propuesto. Los tests estrat&#xE9;gicos permitieron recopilar informaciones esenciales que ayudaron a sustentar y desarrollar este proceso investigativo de forma integral. Se recomend&#xF3; al Ministerio de Educaci&#xF3;n de la Rep&#xFA;blica Dominicana (MINERD): realizar talleres y diplomados, tanto a los docentes como a los diferentes actores relacionados directa o indirectamente en el proceso educativo, para que de esta manera todos puedan verificar y potencializar el desarrollo de las habilidades motrices b&#xE1;sicas de proyecci&#xF3;n y recepci&#xF3;n para beneficiar, tanto el aprendizaje global como significativo de los alumnos. Al Instituto de Educaci&#xF3;n F&#xED;sica (INEFI): realizar talleres y diplomados a los docentes del &#xE1;rea de educaci&#xF3;n f&#xED;sica enfocados a determinar problem&#xE1;ticas en el desarrollo de las habilidades motrices b&#xE1;sicas de proyecci&#xF3;n y recepci&#xF3;n para aplicar estrategias pedag&#xF3;gicas que corrijan y potencialicen el desarrollo de las mismas de forma anticipada.  A la Universidad Aut&#xF3;noma de Santo Domingo (UASD): que el tema de las habilidades motrices b&#xE1;sicas de proyecci&#xF3;n y recepci&#xF3;n sea tratado de manera m&#xE1;s profundada en la formaci&#xF3;n docente desde el inicio de la carrera hasta culminar todas las materias relacionadas a la carrera docente, por ser una parte fundamental en desarrollo de las actividades del &#xE1;rea, teniendo en cuenta que va m&#xE1;s all&#xE1; de lo f&#xED;sico a ser un problema tambi&#xE9;n psicosocial.</subfield>
  </datafield>
  <datafield tag="530" ind1=" " ind2=" ">
    <subfield code="a">Tambi&#xE9;n disponible en CD-ROM (CD MA-EFD 0013 FCE 2020).</subfield>
  </datafield>
  <datafield tag="650" ind1=" " ind2="7">
    <subfield code="2">lemb</subfield>
    <subfield code="9">59696</subfield>
    <subfield code="a">Aptitud motora en ni&#xF1;os</subfield>
  </datafield>
  <datafield tag="650" ind1=" " ind2="7">
    <subfield code="2">lemb</subfield>
    <subfield code="9">10429</subfield>
    <subfield code="a">Educaci&#xF3;n f&#xED;sica para ni&#xF1;os</subfield>
    <subfield code="v">Programas</subfield>
    <subfield code="x">Ense&#xF1;anza</subfield>
  </datafield>
  <datafield tag="830" ind1=" " ind2=" ">
    <subfield code="a">Tesis y disertaciones acad&#xE9;micas (Universidad Aut&#xF3;noma de Santo Domingo)</subfield>
  </datafield>
  <datafield tag="942" ind1=" " ind2=" ">
    <subfield code="2">cl</subfield>
    <subfield code="c">T</subfield>
    <subfield code="n">0</subfield>
  </datafield>
  <datafield tag="999" ind1=" " ind2=" ">
    <subfield code="c">12604</subfield>
    <subfield code="d">12604</subfield>
  </datafield>
  <datafield tag="952" ind1=" " ind2=" ">
    <subfield code="0">0</subfield>
    <subfield code="1">0</subfield>
    <subfield code="2">ddc</subfield>
    <subfield code="4">0</subfield>
    <subfield code="7">0</subfield>
    <subfield code="a">RII</subfield>
    <subfield code="b">RII</subfield>
    <subfield code="d">2025-03-25</subfield>
    <subfield code="l">0</subfield>
    <subfield code="r">2025-03-25 14:43:26</subfield>
    <subfield code="w">2025-03-25</subfield>
    <subfield code="y">TED</subfield>
  </datafield>
</record>
